Výzkum lidských práv: Kritická reflexe současných přístupů

Hodnotenie aktuálnych kritických prístupov k medzinárodným režimom ľudských práv, ich kategorizácia podľa normatívnych, funkčných a metodologických základov. Recenzia štyroch nedávnych relevantných kníh v oblasti ľudských práv. Kritické preskúmanie historiografie ľudských práv, fungovanie medzinárod...

Ausführliche Beschreibung

Gespeichert in:
Bibliographische Detailangaben
1. Verfasser: Smekal, Hubert
Weitere Verfasser: Šipulová, Katarína
Format: Buchkapitel
Sprache:Tschechisch
Schlagworte:
Tags: Tag hinzufügen
Keine Tags, Fügen Sie das erste Tag hinzu!

MARC

LEADER 00000nla a2200000 4500
001 0234747
005 20240108073457.9
041 0 |a cze 
044 |a CZ 
245 1 0 |a Výzkum lidských práv: Kritická reflexe současných přístupů  |c Hubert Smekal, Katarína Šipulová 
520 |a Hodnotenie aktuálnych kritických prístupov k medzinárodným režimom ľudských práv, ich kategorizácia podľa normatívnych, funkčných a metodologických základov. Recenzia štyroch nedávnych relevantných kníh v oblasti ľudských práv. Kritické preskúmanie historiografie ľudských práv, fungovanie medzinárodných režimov ľudských práv, ich legitimita a vplyv na ľudské práva v národnom kontexte. Kritika existencie a nastavenia medzinárodných ľudskoprávnych režimov. Kritika fungovanie medzinárodných ľudskoprávnych režimov. Kritika výskumu medzinárodných ľudskoprávnych režimov. 
610 2 0 |a právo medzinárodné 
610 2 0 |a súdy 
610 2 0 |a práva ľudské 
610 2 0 |a ochrana ľudských práv 
610 2 0 |a kritika 
610 2 0 |a história 
610 2 0 |a recenzie 
610 2 0 |a knihy 
610 2 0 |a výskum 
100 1 |a Smekal, Hubert 
700 1 |a Šipulová, Katarína